La liberación del hombre en la historia a la luz de la fe cristiana

Gardado en:
Detalles Bibliográficos
Autor Principal: Llona Pérez, Cristián (autor)
Formato: Libro
Idioma:Lingua castelá
Publicado: Santiago Corporación de Promoción Universitaria 1972
Subjects:
Tags: Engadir etiqueta
Sen Etiquetas, Sexa o primeiro en etiquetar este rexistro!

MARC

LEADER 00000cam a2200000 a 4500
001 UCW7843
003 CL-VaPUC
008 930921e19720000CL |||||||||||||||||spa|d
082 0 4 |a 260  |b LLO  |2 21 
100 |a Llona Pérez, Cristián  |e autor  |9 313064 
245 1 3 |a La liberación del hombre en la historia a la luz de la fe cristiana 
300 |a 77 p 
942 |c BK 
945 |d 19930921 00:00:00 
260 |a Santiago  |b Corporación de Promoción Universitaria  |c 1972 
650 0 |a Filosofía cristiana   |9 265980 
583 |a last modification  |c 20150407 01:19:29  |k Rodrigo Vera 
999 |c 220493  |d 220491 
952 |0 0  |1 0  |4 0  |6 260_000000000000000_LLO_1972  |7 0  |8 A  |9 212801  |a BIBEDU  |b BIBEDU  |d 2019-11-15  |i 2809559  |o 260 LLO 1972  |p 2809559  |r 2019-11-15  |w 2019-11-15  |y BK  |k EDU 
952 |0 0  |1 0  |3 erb  |4 0  |6 260_000000000000000_LLO_1972  |7 0  |8 X  |9 212802  |a FDOBUD  |b FDOBUD  |i 5157595  |o 260 LLO 1972  |p 5157595  |r 2019-11-15  |w 2019-11-15  |y BK_X  |z Catalogado en:20150409  |k BUD